Statistiques concernant Les 10 meilleurs buteurs en 2001.

Cliquez ici pour prendre le quiz!

Statistiques générales

  • Ce quiz a été pris 57 fois
  • Le résultat moyen est 6 sur 10

Statistiques - réponses

ButsJoueursClubs% Correct
46RaulReal
95%
33Thierry HenryArsenal
93%
37Michael OwenLiverpool
71%
31RivaldoBarca
69%
33Andriy ShevchenkoMilan
65%
31David TrezeguetJuve
56%
32Christian VieriInter
49%
31Patrick KluivertBarca
49%
44Hernan CrespoLazio
35%
32Jimmy Floyd HasselbainkChelsea
22%

Distribution des résultats

Percentile par nombre de réponses

% des personnes avec chaque résultat

Votre développement - résultats

Vous n’avez pas pris ce quiz